|
|
|
|
| LEADER |
00000naa0a2200000 4500 |
| 001 |
675515 |
| 005 |
20241025154207.0 |
| 090 |
|
|
|a 675515
|
| 100 |
|
|
|a 20241015d2023 k||y0rusy50 ca
|
| 101 |
2 |
|
|a rus
|
| 102 |
|
|
|a RU
|
| 135 |
|
|
|a drcn ---uucaa
|
| 181 |
|
0 |
|a i
|b e
|
| 182 |
|
0 |
|a b
|
| 183 |
|
0 |
|a cr
|2 RDAcarrier
|
| 200 |
1 |
|
|a Искровое плазменное спекание порошка высокоэнтропийного карбида TiZrNbHfTaC5
|f А. И. Кокорина, А. А. Свинухова
|
| 203 |
|
|
|a Текст
|b визуальный
|c электронный
|
| 283 |
|
|
|a online_resource
|2 RDAcarrier
|
| 320 |
|
|
|a Литература: 3 назв.
|
| 336 |
|
|
|a Текстовый файл
|
| 463 |
|
1 |
|t Новые материалы: перспективные технологии получения материалов и методы их исследования
|o сборник тезисов докладов 21-й Международной школы-конференции имени Б.А. Калина для молодых ученых и специалистов, Москва, 17-19 октября 2023 г.
|v С. 50-51
|c Москва
|d 2023
|n НИЯУ МИФИ
|
| 610 |
1 |
|
|a труды учёных ТПУ
|
| 610 |
1 |
|
|a электронный ресурс
|
| 610 |
1 |
|
|a высокоэнтропийные карбиды
|
| 610 |
1 |
|
|a синтез
|
| 700 |
|
1 |
|a Кокорина
|b А. И.
|c физик
|c инженер-исследователь Томского политехнического университета
|f 2001-
|g Александра Ивановна
|y Томск
|9 22877
|
| 701 |
|
1 |
|a Свинухова
|b А. А.
|c специалист в области электроэнергетики
|c инженер Томского политехнического университета
|f 1999-
|g Арина Андреевна
|9 88532
|
| 712 |
0 |
2 |
|a Национальный исследовательский Томский политехнический университет
|c (2009- )
|9 26305
|4 570
|
| 801 |
|
0 |
|a RU
|b 63413507
|c 20241015
|
| 850 |
|
|
|a 63413507
|
| 856 |
4 |
|
|u https://drive.google.com/drive/folders/1kGCfHjrLSQDVdhNCrd98zbKqAbHExbxi
|z https://drive.google.com/drive/folders/1kGCfHjrLSQDVdhNCrd98zbKqAbHExbxi
|
| 942 |
|
|
|c CF
|